[Event "Challenge"]
[Site "http://www.queenalice.com/game.php?id=160281"]
[Date "2007.1.28"]
[Round "-"]
[White "Franz"]
[Black "fernandosoares"]
[Result "0-1"]
[WhiteElo "1356"]
[BlackElo "1219"]

1. e4 e5 2. a3 f6 3. Bc4 c6 4. Nc3 b5 5. Ba2 g5 6. Qh5+ Ke7 7. Qf7+ Kd6 8. b4
Qe7 9. g4 Kc7 10. Bb2 Nh6 11. Nd5+ Kd6 12. Nc7 Kxc7 0-1

[Event "Só Hoje Franz!!!"]
[Site "http://www.queenalice.com/game.php?id=163180"]
[Date "2007.2.3"]
[Round "-"]
[White "XtremeLM"]
[Black "Franz"]
[Result "0-1"]
[WhiteElo "1604"]
[BlackElo "1389"]

1. e4 e5 2. Nf3 a6 3. d4 d6 4. d5 Nf6 5. Nc3 h6 6. Bc4 Nbd7 7. O-O Nc5 8. Be3 b5
9. Bb3 Nfxe4 10. Nxe4 Nxe4 11. a4 Bg4 12. axb5 axb5 13. Rxa8 Qxa8 14. c4 c6 15.
dxc6 Qxc6 16. cxb5 Qxb5 17. h3 Bc8 18. Bc2 Bb7 19. Nh4 Be7 20. Nf5 Qxb2 21. Ba4+
Kf8 22. Qb1 Qxb1 23. Rxb1 g6 24. Nxe7 Ba6 25. Rb8+ Kg7 26. Rb4 Nc3 27. Kh2 Kf8
28. Nc6 f5 29. Rb8+ Kg7 30. Rxh8 Kxh8 31. Bxh6 Nxa4 32. Ne7 Kh7 33. Bf8 f4 34.
g4 f3 35. Nd5 Kg8 36. Bxd6 e4 37. Kg3 Bb7 38. Nf4 g5 39. Ne6 Nc3 40. Nxg5 Ne2+
41. Kh2 Nc3 42. Ne6 Nd1 43. Kg1 e3 44. Bc5 e2 45. Bb4 Nb2 46. Nd4 Nd3 47. Nc2
Nxb4 48. Nxb4 e1=Q+ 0-1

[Event "Challenge"]
[Site "http://www.queenalice.com/game.php?id=164105"]
[Date "2007.2.6"]
[Round "-"]
[White "jocker_1"]
[Black "Franz"]
[Result "1-0"]
[WhiteElo "1567"]
[BlackElo "1446"]

1. d4 e6 2. c4 Nc6 3. e3 f5 4. Bd3 Nf6 5. Nf3 Nb4 6. O-O b6 7. a3 Nxd3 8. Qxd3
g5 9. Nxg5 Ne4 10. Nxe4 fxe4 11. Qxe4 c6 12. Bd2 d5 13. cxd5 cxd5 14. Qe5 Rg8
15. Qh5+ Rg6 16. Qxh7 Qf6 17. Bb4 Bxb4 18. axb4 Rh6 19. Qg8+ Qf8 20. Qxf8+ Kxf8
21. Rc1 Bd7 22. Rc7 Bb5 23. Raxa7 Rxa7 24. Rxa7 Ke8 25. Rb7 e5 26. dxe5 Kd8 27.
Nc3 Kc8 28. Rg7 Rh5 29. Nxb5 Rxe5 30. Rc7+ Kd8 31. Rc6 Re4 32. Rxb6 Rxb4 33.
Rd6+ Ke7 34. Rxd5 Rxb2 35. h4 Rb1+ 36. Kh2 Rf1 37. Kg3 Ke6 38. Rd6+ Ke5 39. h5
Rb1 40. Rb6 1-0

[Event "XtremeLM vs Franz 3 - Vendetta"]
[Site "http://www.queenalice.com/game.php?id=164173"]
[Date "2007.2.6"]
[Round "-"]
[White "XtremeLM"]
[Black "Franz"]
[Result "1-0"]
[WhiteElo "1608"]
[BlackElo "1543"]

1. c4 e6 2. d4 Bb4+ 3. Bd2 Bxd2+ 4. Qxd2 h6 5. e4 c6 6. Nc3 g5 7. d5 exd5 8.
exd5 Qe7+ 9. Be2 c5 10. h4 d6 11. hxg5 Qxg5 12. Qxg5 hxg5 13. Rxh8 Kf8 14. Rh5
f6 15. Nb5 Bf5 16. Nc7 Na6 17. Nxa8 Nb4 18. Bd1 Nd3+ 19. Kd2 Nxf2 20. Ba4 Ne7
21. Re1 Bg4 22. Rh8+ Kf7 23. Rh7+ Kg6 24. Rhxe7 Bf5 25. Bc2 Bxc2 26. Kxc2 Kf5
27. Rf1 Kg4 28. Rxf2 Kg3 29. Ree2 a5 30. Rf3+ Kh2 31. Nh3 g4 32. Rd3 gxh3 33.
gxh3+ Kg1 34. Rd1# 1-0

[Event "Franz x Nascimento"]
[Site "http://www.queenalice.com/game.php?id=165916"]
[Date "2007.2.9"]
[Round "-"]
[White "Nascimento"]
[Black "Franz"]
[Result "0-1"]
[WhiteElo "1130"]
[BlackElo "1470"]

1. e4 e5 2. c3 Qh4 3. g3 Qxe4+ 4. Ne2 Qxh1 5. d4 Nf6 6. dxe5 Ne4 7. Qd4 c5 8.
Qa4 Be7 9. Qc4 Nc6 10. f3 Na5 11. Qxe4 Qxh2 12. Qg4 d5 13. exd6 Bxg4 14. fxg4
Bxd6 15. Bf4 Rd8 16. Nd2 g5 17. Bxd6 Rxd6 18. Nf3 Qh1 19. b4 Nc4 20. bxc5 Rd2
21. Nxd2 Ne3 22. Rb1 Ng2+ 23. Kd1 Ne3+ 24. Kc1 O-O 25. Rxb7 Re8 26. Rxa7 Ng2 27.
Ra6 Rxe2 28. Rd6 Re1+ 29. Kc2 Ne3+ 30. Kb2 Qh2 31. c6 Nxf1 32. Kc2 Ne3+ 33. Kb2
Nc4+ 34. Kb3 Nxd6 35. c7 Qxd2 36. Kb4 Qb2+ 37. Kc5 Rd1 38. Kc6 Qb5# 0-1

[Event "Challenge"]
[Site "http://www.queenalice.com/game.php?id=166691"]
[Date "2007.2.10"]
[Round "-"]
[White "Milton"]
[Black "Franz"]
[Result "1-0"]
[WhiteElo "1509"]
[BlackElo "1375"]

1. e4 e5 2. Nc3 a6 3. Nf3 f6 4. Bc4 Nh6 5. d3 c5 6. Nd2 b5 7. Bd5 Nc6 8. Bb3 d6
9. Nd5 Bg4 10. Nf3 Qa5+ 11. Bd2 b4 12. O-O Nd4 13. a3 c4 14. Bxb4 Qb5 15. Nc7+
Kf7 16. Nxb5 cxb3 17. Nxd6+ Bxd6 18. Bxd6 bxc2 19. Qd2 Rac8 20. Nxd4 exd4 21.
Rac1 Rhd8 22. Bf4 g5 23. Bg3 Rd7 24. Rxc2 Rdc7 25. Rfc1 Bh5 26. Rxc7+ Rxc7 27.
Rxc7+ Ke6 28. Rc6+ Kd7 29. Rxf6 Ng4 30. Qxg5 Nxf6 31. Qxf6 a5 32. Qd6+ 1-0

[Event "brasil x deutschland :)))"]
[Site "http://www.queenalice.com/game.php?id=166706"]
[Date "2007.2.10"]
[Round "-"]
[White "Franz"]
[Black "bazzo0815"]
[Result "0-1"]
[WhiteElo "1476"]
[BlackElo "1837"]

1. e4 e6 2. a3 d5 3. e5 c5 4. Nc3 Nc6 5. Na4 a6 6. g3 b5 7. Nc3 Nxe5 8. f4 Nc6
9. d3 Nf6 10. Nf3 Bd6 11. Bh3 O-O 12. f5 exf5 13. Nh4 Re8+ 14. Ne2 Nd4 15. Bf1
Ng4 16. c3 Qxh4 17. Bd2 Nf3# 0-1

[Event "Challenge"]
[Site "http://www.queenalice.com/game.php?id=166711"]
[Date "2007.2.10"]
[Round "-"]
[White "Franz"]
[Black "Frost"]
[Result "1-0"]
[WhiteElo "1478"]
[BlackElo "1192"]

1. e4 e5 2. a3 Bd6 3. c4 Nf6 4. b4 Na6 5. c5 Bf8 6. Bc4 d5 7. exd5 Nxd5 8. Qh5
g6 9. Qxe5+ Be7 10. Qxh8+ Bf8 11. Nf3 Qf6 12. Qxh7 Qxa1 13. Ng5 c6 14. Qxf7+ Kd8
15. Qxf8+ Kc7 16. Qd6# 1-0

[Event "Brasil x  EUA"]
[Site "http://www.queenalice.com/game.php?id=166879"]
[Date "2007.2.10"]
[Round "-"]
[White "KEpstein"]
[Black "Franz"]
[Result "0-1"]
[WhiteElo "1338"]
[BlackElo "1492"]

1. d4 b5 2. e3 d5 3. Bxb5+ c6 4. Bd3 g6 5. f4 h5 6. Nf3 f6 7. Bxg6+ Kd7 8. Nh4
Nh6 9. Qxh5 Ba6 10. g4 Qa5+ 11. Bd2 Qb5 12. b3 Qe2# 0-1

[Event "DOMINGUERA"]
[Site "http://www.queenalice.com/game.php?id=184558"]
[Date "2007.3.19"]
[Round "-"]
[White "Franz"]
[Black "reginatto"]
[Result "0-1"]
[WhiteElo "1346"]
[BlackElo "1383"]

1. e4 Na6 2. a3 c6 3. b4 d6 4. Bc4 b5 5. Ba2 Be6 6. Qf3 Qb6 7. d3 O-O-O 8. c4
bxc4 9. dxc4 Qd4 10. Be3 Qc3+ 11. Nxc3 h5 12. e5 Nb8 13. O-O-O Rd7 14. Bxa7 Rxa7
15. exd6 exd6 0-1